书目信息 |
| 题名: |
2012年考研历届数学真题题型解析
|
|
| 作者: | 曹显兵 , 黄先生 主编 | |
| 分册: | 一 数学 | |
| 出版信息: | 北京 中国人民大学出版社 2011.03 |
|
| 页数: | 424页 | |
| 开本: | 26cm | |
| 丛书名: | ||
| 单 册: | ||
| 中图分类: | O13-44 | |
| 科图分类: | ||
| 主题词: | 高等数学--gao deng shu xue--研究生--入学考试--自学参考资料 | |
| 电子资源: | ||
| ISBN: | 978-7-300-13459-8 | |
| 000 | 01076nam0 2200289 450 | |
| 001 | 296204 | |
| 005 | 20110723135849.34 | |
| 010 | @a978-7-300-13459-8@dCNY49.00 | |
| 100 | @a20110413d2011 km y0chiy50 ea | |
| 101 | 0 | @achi |
| 102 | @aCN@b110000 | |
| 105 | @aa z 000yy | |
| 106 | @ar | |
| 200 | 1 | @a2012年考研历届数学真题题型解析@A2012 nian kao yan li jie shu xue zhen ti ti xing jie xi@h一@i数学@f主编黄先开, 曹显兵 |
| 210 | @a北京@c中国人民大学出版社@d2011.03 | |
| 215 | @a424页@c图@d26cm | |
| 330 | @a本书是作者在十多年收集、整理资料和进行考研数学一辅导的基础上,通过对历年试题的精心分析研究,并结合授课体会和学生的需要全新编写而成的。 | |
| 333 | @a考研人员 | |
| 517 | 1 | @a年考研历届数学真题题型解析(数学一)@Anian kao yan li jie shu xue zhen ti ti xing jie xi( shu xue yi) |
| 517 | 1 | @a数学@Ashu xue |
| 586 | @a | |
| 606 | 0 | @a高等数学@Agao deng shu xue@x研究生@x入学考试@j自学参考资料 |
| 690 | @aO13-44@v5 | |
| 701 | 0 | @a曹显兵@Acao xian bing@4主编 |
| 701 | 0 | @a黄先生@Ahuang xian sheng@4主编 |
| 801 | 0 | @aCN@c20110610 |
| 905 | @dO13-44@eH9002:1 | |
| 2012年考研历届数学真题题型解析.一.数学/主编黄先开, 曹显兵.-北京:中国人民大学出版社,2011.03 |
| 424页:图;26cm |
| 使用对象:考研人员 |
| ISBN 978-7-300-13459-8:CNY49.00 |
| 本书是作者在十多年收集、整理资料和进行考研数学一辅导的基础上,通过对历年试题的精心分析研究,并结合授课体会和学生的需要全新编写而成的。 |
| ● |
| 相关链接 |
|
|
|
正题名:2012年考研历届数学真题题型解析
索取号:O13-44/H9002:1
 
预约/预借
| 序号 | 登录号 | 条形码 | 馆藏地/架位号 | 状态 | 备注 |
| 1 | 887831 | 208878311 | 自科库401/401自科库 39排1列5层/ [索取号:O13-44/H9002:1] | 在馆 | |
| 2 | 887832 | 208878320 | 自科库401/504自科库 23排1列6层/ [索取号:O13-44/H9002:1] | 在馆 | |
| 3 | 887833 | 208878339 | 自科库401/504自科库 23排1列6层/ [索取号:O13-44/H9002:1] | 在馆 | |
| 4 | 887834 | 208878348 | 自科二线504/504自科库 9排4列1层/ [索取号:O13-44/H9002:1] | 在馆 | |
| 5 | 887835 | 208878357 | 自科库401/401自科库 39排1列5层/ [索取号:O13-44/H9002:1] | 在馆 | |
| 6 | 887836 | 208878366 | 自科库401/504自科库 23排1列6层/ [索取号:O13-44/H9002:1] | 在馆 | |
| 7 | 887837 | 208878375 | 自科库401/401自科库 39排1列5层/ [索取号:O13-44/H9002:1] | 在馆 | |
| 8 | 887838 | 208878384 | 自科库401/ [索取号:O13-44/H9002:1] | 在馆 | |
| 9 | 887839 | 208878393 | 自科库401/401自科库 39排1列5层/ [索取号:O13-44/H9002:1] | 在馆 | |
| 10 | 887840 | 208878400 | 自科库401/401自科库 39排1列5层/ [索取号:O13-44/H9002:1] | 在馆 |